| 000 | 00599nam a22001817a 4500 | ||
|---|---|---|---|
| 005 | 20251108171151.0 | ||
| 008 | 250721s1985 xx 000 0 ara d | ||
| 082 | 1 | 4 | _a501.48/مجم |
| 100 | 1 |
_aسعيدان، أحمد _eمعد |
|
| 245 | 1 | 0 | _aمشروع مجمع اللغة العربية الأردني للرموز العلمية العربية 1985 / |
| 264 | 1 |
_aعمان : _bالمجمع، _c1985. |
|
| 300 | _a128ص. | ||
| 650 | 1 | 7 | _aالعلم |
| 650 | 1 | 7 | _aمختصرات و رموز |
| 710 | 2 | _aمجمع اللغة العربية الأردني | |
| 942 |
_2ddc _cBK |
||
| 999 |
_c58330 _d58330 |
||